000 00310nam a2200121Ia 4500
008 190216s9999||||xx |||||||||||||| ||und||
100 _aPunathil Kunhabdulla
245 0 _aSmarakashilakal
260 _bSahithya Pravarthaka Sahakarana Sangam
_c1980
300 _a324p
650 _aMalayalam Novel
942 _cBK
999 _c25988
_d25988